[Event "Baku op"]
[Site "Baku"]
[Date "2017.11.13"]
[Round "1"]
[White "Gadimbayli, Abdulla Azar"]
[Black "Abdullayev, Beytulla"]
[Result "1-0"]
[WhiteElo "2400"]
[BlackElo "1688"]
[PlyCount "81"]
[EventDate "2017.11.13"]
[EventType "swiss"]
[EventRounds "9"]
[EventCountry "AZE"]
[SourceTitle "CBM 181 Extra"]
[Source "ChessBase"]
[SourceDate "2017.12.12"]
[SourceVersion "1"]
[SourceVersionDate "2017.12.12"]
[SourceQuality "1"]

1. e4 d6 2. d4 Nf6 3. Nc3 g6 4. Be3 Bg7 5. f3 0-0 6. Qd2 e5 7. Nge2 exd4 8. Nxd4 Nc6 9. 0-0-0 Nxd4 10. Bxd4 Be6 11. Kb1 c5 12. Be3 Qa5 13. Nd5 Nxd5 14. Qxa5 Nxe3 15. Re1 b6 16. Qd2 Nxf1 17. Rhxf1 Rfd8 18. Rd1 a5 19. Qf4 Be5 20. Qe3 Bc4 21. Rf2 a4 22. Rfd2 a3 23. b3 Be6 24. f4 Bg7 25. Rxd6 Rxd6 26. Rxd6 c4 27. Qxb6 cxb3 28. Rd8+ Rxd8 29. Qxd8+ Bf8 30. axb3 Kg7 31. Qd4+ Kg8 32. Ka2 Bg7 33. Qd8+ Bf8 34. c4 Kg7 35. Qd4+ f6 36. Qa7+ Kg8 37. c5 h5 38. c6 Bd6 39. e5 fxe5 40. fxe5 Bxe5 41. Qe7 1-0